Detalles MARC
| 000 -LIDER |
| fixed length control field |
01226nam a22002897a 4500 |
| 001 - NÚMERO DE CONTROL |
| Identificador de número de control |
000708 |
| 003 - IDENTIFICACDOR DE NÚMERO DE CONTROL |
| control field |
DO-SdBNP |
| 005 - DATE AND TIME OF LATEST TRANSACTION |
| control field |
20180214122733.0 |
| 007 - CAMPOS FIJOS DE DESCRIPCIÓN FÍSICA |
| fixed length control field |
000708 |
| 008 - ELEMENTOS DE LONGITUD FIJA |
| fixed length control field |
161116b 2010 uy a ||||| |||| 00| 0 spa d |
| 020 ## - ISBN |
| International Standard Book Number |
9789974680753 |
| 040 ## - FUENTE DE CATALOGACIÓN |
| Agencia que crea de manera original el registro |
BPMSU |
| Idioma de catalogación |
spa |
| Agencia que realiza la transcripción |
BPMSU |
| 082 ## - NÚMERO DE CLASIFICACIÓN DECIMAL DE DEWEY |
| Classification number |
372.4 |
| Item number |
G618d |
| 100 1# - ASIENTO PRINCIPAL -- NOMBRE PERSONAL |
| Nombre personal |
Goldberg, Mirta |
| 245 00 - MENCIÓN DE TITULO |
| Título |
A descubrir y conocer la magia de las letras : |
| Subtítulo |
iniación al desarrollo de la lectoescritura / |
| Mención de responsabilidad |
Mirta Goldberg ; ilustraciones especiales Diego Rodríguez, Hernán Gallardo. |
| 260 0# - PUBLICACIÓN, DISTRIBUCIÓN, ETC. (PIE DE IMPRENTA) |
| Lugar de publicación, distribución, etc |
Montevideo, Rep. Oriental del Uruguay : |
| Nombre del editor, distribuidor, etc. |
Arquetipo Grupo Editorial, |
| -- |
Lexus, |
| Fecha de publicación, distribución, etc |
2010. |
| 300 ## - DESCRIPCIÓN FÍSICA |
| Extensión |
264 p. : |
| Otros detalles físicos |
il. ; |
| Dimensiones |
27 cm. |
| 505 0# - NOTA DE CONTENIDO |
| Título |
¡Ahora nos leen! páginas para que nos lean -- |
| -- |
¡A leer solitos! páginas para leer solos -- |
| -- |
¡A jugar! páginas para jugar -- |
| -- |
¡Recetas de cocina! páginas para saborear -- |
| -- |
¡Manualidades! páginas para crear. |
| 650 #4 - ENCABEZAMIENTO DE MATERIA--TEMÁTICO |
| Término temático o nombre geográfico como elemento de entrada |
COMPRENSIÓN DE LECTURA |
| 650 #4 - ENCABEZAMIENTO DE MATERIA--TEMÁTICO |
| Término temático o nombre geográfico como elemento de entrada |
LITERATURA INFANTIL |
| 700 12 - ASIENTO SECUNDARIO -- NOMBRE PERSONAL |
| Nombre personal |
Rodríguez, Diego, |
| Mención de responsabilidad |
il. |
| 700 12 - ASIENTO SECUNDARIO -- NOMBRE PERSONAL |
| Nombre personal |
Gallardo, Hernán, |
| Mención de responsabilidad |
il. |
| 910 ## - VALIDACIÓN |
| Validación |
Validado. Control de calidad MFF |
| 942 ## - ADDED ENTRY ELEMENTS (KOHA) |
| Source of classification or shelving scheme |
Dewey Decimal Classification |
| Koha item type |
Libros |
| 945 ## - INFORMACIÓN DE PROCESAMIENTO LOCAL |
| Información de procesamiento local |
Inventariado, 2018/MFF |
| 956 ## - LOCAL ELECTRONIC LOCATION AND ACCESS (OCLC) |
| Método de acceso |
LOPEREZ |
| Materiales especificados |
10 |
| Enlace |
20161116 |
| Campo enlazado y núm. de secuencia |
BPMSU |
| Nombre de host |
00041 |